| 000 | 00923nam a2200253Ia 4500 | ||
|---|---|---|---|
| 003 | OSt | ||
| 005 | 20220923231012.0 | ||
| 006 | a|||||r|||| 00| 0 | ||
| 007 | ta | ||
| 008 | 220922b |||||||| |||| 00| 0 pan d | ||
| 020 | _c200 | ||
| 024 | _a353,391 | ||
| 037 |
_b1200, 02/03/2020, H.K. Prakashan _cTextual |
||
| 040 |
_aARTS _cARTS _bpan |
||
| 041 |
_2pan _apan |
||
| 082 | _aU8.2526, 153Q8 | ||
| 100 |
_aਸਿੰਘ, ਗਿਆਨੀ ਗੁਰਦੇਵ, ਂਚ. _9160796 |
||
| 245 | 0 | _aਦੇਵੀ-ਦੇਵਿਤਿਆਂ ਦੀ ਧਰਤੀ ਉੱਤਰਾਖੰਡ | |
| 260 |
_aਚੰਡੀਗੜ੍ਹ _b ਸਪਤਰਿFੀ ਪਬਲੀਕੇFਨ _c2018 |
||
| 300 |
_a107ਪ੍ਰ0 _ccm. |
||
| 650 | _aਸਖ਼ਰਨਾਮਾ | ||
| 942 |
_hU8.2526, 153Q8 _cTEXL _2CC |
||
| 999 |
_c388716 _d388716 |
||